Indovina la carta di Clash Royale 2.0 - Statistics

Statistiche generali
  • Questo quiz è stato fatto 139 volte
    138 dall'ultimo reset
  • Il punteggio medio è 8 su 10
Statistiche sulle risposte
Domande Risposta % Corretto
È una truppa che non attacca solo edifici
97%
È formata da solo un'unità
95%
Fa danno ad area
89%
Colpisce anche truppe aeree
89%
È una truppa
83%
È composta da più unità
82%
Vola
79%
È di rarità comune
66%
Costa 4 elisir Draghi d'ossa
44%
Si sblocca in arena 14 Boia
41%
Nessun quiz corrispondente trovato
Distribuzione punteggi
Percentuale di utenti per punteggio
Percentile per numero di risposta
I tuoi punteggi nel tempo
Non hai fatto questo quiz dall'ultimo reset